Zdravotná výchova v stomatologickej prevencii : zborník materiálov vedeckej konferencie o zdravotnej výchove v stomatologickej prevencii 13. a 14.5.1976 v Žiline /

Další autoři: Hasáková, Marta
Jazyk: Slovenština
Vydáno: Martin : Osveta, 1977
Vydání: 1. vyd.
Fyzický popis: 100 s. ; 8°
Knihy
Uloženo v:
LEADER 00781nam a22002172a 4500
001 001170000
003 CZ BrMZK
005 20120323102140.0
007 ta
008 110922s1977 xo er|||||||||||slo d
040 |a ABA001  |b cze  |d ABA001  |d BOA001 
245 0 0 |a Zdravotná výchova v stomatologickej prevencii :  |b zborník materiálov vedeckej konferencie o zdravotnej výchove v stomatologickej prevencii 13. a 14.5.1976 v Žiline /  |c zostavila Marta Hasáková 
250 |a 1. vyd. 
260 |a Martin :  |b Osveta,  |c 1977 
300 |a 100 s. ;  |c 8° 
504 |a Obsahuje bibliografie 
700 1 |a Hasáková, Marta  |4 com 
910 |a BOA001  |b 2-0795.371 
990 |a BK 
991 |b 201109 
996 7 |b 2619454067  |c 2-0795.371  |l MZK  |r Sklad / do 1 hodiny  |n 0  |w 001203429  |u 000010  |a 1  |e BOA001  |j MZK50  |s A